[Event "FRA-chT"]
[Site "FRA"]
[Date "1996.??.??"]
[Round "?"]
[White "Laruelle, Joel"]
[Black "Bouton, Christophe"]
[Result "0-1"]
[WhiteElo "2085"]
[BlackElo "2190"]
[PlyCount "66"]
[EventDate "1996.??.??"]
[Source "ChessBase"]

1. d4 d5 2. c4 e6 3. Nc3 c5 4. cxd5 exd5 5. Nf3 Nc6 6. g3 Nf6 7. Bg2 Be7 8. O-O
O-O 9. Bg5 c4 10. Ne5 Be6 11. f4 Ne8 12. Nxc6 bxc6 13. Bxe7 Qxe7 14. e4 dxe4
15. Bxe4 Rb8 16. Qe2 Qd6 17. Rad1 Nf6 18. f5 Bd5 19. Bxd5 cxd5 20. g4 Rfe8 21.
Qg2 Ne4 22. Rfe1 Nxc3 23. bxc3 Qa3 24. Qg3 h6 25. f6 gxf6 26. Rf1 Rb6 27. Rf2
Re4 28. Rdf1 Qe7 29. Qh4 Kg7 30. Qh5 Qe6 31. h3 Re1 32. Rxf6 Qe3+ 33. R6f2 Qg3+
0-1

[Event "FRA-chT"]
[Site "FRA"]
[Date "1996.??.??"]
[Round "?"]
[White "Laruelle, Joel"]
[Black "Delebarre, Xavier"]
[Result "0-1"]
[WhiteElo "2085"]
[BlackElo "2260"]
[PlyCount "66"]
[EventDate "1996.??.??"]
[Source "ChessBase"]

1. d4 c5 2. d5 d6 3. e4 g6 4. Bb5+ Bd7 5. Bxd7+ Nxd7 6. a4 Bg7 7. Nf3 Qc7 8.
Na3 Ngf6 9. Nd2 O-O 10. O-O a6 11. Qe2 e6 12. dxe6 fxe6 13. e5 Nxe5 14. f4 Nf7
15. Qxe6 d5 16. Nf3 Rae8 17. Qh3 Re2 18. f5 Rfe8 19. Ng5 Nxg5 20. Bxg5 Qe5 21.
Bxf6 Bxf6 22. fxg6 hxg6 23. Rad1 Kg7 24. Qd7+ Re7 25. Qh3 Re3 26. Qc8 Qxb2 27.
Qxc5 Qxa3 28. Qxd5 Qxa4 29. Qd6 R3e6 30. Qb8 Qxc2 31. Rd8 Qc5+ 32. Kh1 Re1 33.
Rg8+ Kh7 0-1

[Event "FRA-chT"]
[Site "FRA"]
[Date "1996.??.??"]
[Round "?"]
[White "Laruelle, Joel"]
[Black "Guidez, Yann Michel"]
[Result "0-1"]
[WhiteElo "2085"]
[BlackElo "2235"]
[PlyCount "56"]
[EventDate "1996.??.??"]
[Source "ChessBase"]

1. d4 Nf6 2. Nf3 g6 3. Bg5 Bg7 4. Nbd2 O-O 5. e4 d6 6. c3 c5 7. dxc5 dxc5 8.
Qc2 Nc6 9. h3 Qc7 10. Be2 Nh5 11. Be3 Nd8 12. g3 e5 13. Rd1 Kh8 14. Nh4 Nf4 15.
Bg4 Bf6 16. Ndf3 Nfe6 17. Ng2 Bg7 18. Nh2 b6 19. h4 f5 20. exf5 gxf5 21. Bf3
Rb8 22. Qc1 Ba6 23. Bh6 f4 24. Bxg7+ Qxg7 25. g4 Qg6 26. Rd5 e4 27. h5 Qe8 28.
Bxe4 Nc7 0-1

[Event "FRA-chT"]
[Site "FRA"]
[Date "1996.??.??"]
[Round "?"]
[White "Laruelle, Joel"]
[Black "Leroy, Didier"]
[Result "1-0"]
[WhiteElo "2085"]
[BlackElo "2200"]
[PlyCount "45"]
[EventDate "1996.??.??"]
[Source "ChessBase"]

1. d4 d5 2. c4 c6 3. Nf3 Nf6 4. Nc3 dxc4 5. a4 Bf5 6. e3 e6 7. Bxc4 Bb4 8. O-O
Nbd7 9. Qe2 Bg4 10. e4 Qa5 11. e5 Nd5 12. Ne4 h6 13. Rd1 O-O 14. h3 Bxf3 15.
Qxf3 Ne7 16. Rd3 Ng6 17. Qg3 c5 18. Bxe6 fxe6 19. Qxg6 cxd4 20. Bxh6 Qxe5 21.
Ng5 Rf5 22. Qh7+ Kf8 23. Bxg7+ 1-0

[Event "FRA-chT"]
[Site "FRA"]
[Date "1996.??.??"]
[Round "?"]
[White "Lautier, Joel"]
[Black "Hamdouchi, Hichem"]
[Result "1-0"]
[WhiteElo "2630"]
[BlackElo "2535"]
[Annotator "Lautier"]
[PlyCount "57"]
[EventDate "1996.??.??"]
[Source "ChessBase"]

1. d4 Nf6 2. c4 g6 3. Nc3 Bg7 4. e4 d6 5. f3 O-O 6. Bg5 a6 7. Qd2 c6 8. Nge2 b5
9. Ng3 e5 10. d5 b4 11. Nd1 cxd5 (11... c5) 12. cxd5 Nbd7 13. Be2 (13. Qxb4
Nxd5) 13... a5 14. O-O Nc5 (14... Ba6 15. Bxa6 Rxa6 16. Rc1 Nc5 17. Nf2) 15.
Nf2 Bd7 16. Rac1 Qb8 (16... Qb6 17. Be3) 17. Kh1 (17. Nd3 Nxd3 18. Bxd3 Qb7) (
17. f4 h6 (17... exf4 18. Qxf4 Ne8 19. Be7) 18. fxe5 (18. Bxf6 Bxf6 19. fxe5
Bxe5 (19... Bg5 20. Qd4 (20. Qd1 Bxc1 21. Qxc1 Kg7) 20... Bxc1 21. Rxc1) 20.
Qxh6 Bxb2) 18... hxg5 19. exf6 Bxf6 20. Ng4 Bxg4 21. Rxf6 Bxe2 22. Qxe2 Qa7 23.
Kh1 Qe7) 17... Rc8 (17... Bb5 18. Nd3 Bxd3 (18... Nfd7 19. Nxc5 Nxc5 20. Bxb5
Qxb5 21. Be7) (18... Nxd3 19. Bxd3) 19. Bxd3 Nfd7) (17... Qb7) 18. f4 Ne8 (
18... exf4 19. Qxf4 Ne8 20. Ng4) (18... h6 19. fxe5 hxg5 20. exf6 Bxf6 21. Ng4
Bxg4 22. Bxg4) 19. f5 Bb5 20. Ng4 Rc7 21. Bh6 Bxe2 22. Qxe2 Bh8 (22... f6 23.
fxg6 hxg6 24. Bxg7 Kxg7 25. Qe3) 23. Be3 Bg7 (23... f6 24. Nh6+ Kg7 25. fxg6
hxg6 26. Qg4) 24. f6 Bh8 (24... Bf8 25. Bh6 Nd7 26. Qe3 Rxc1 27. Qxc1 Qb5 (
27... Qc7 28. Qg5) 28. Bxf8 Kxf8 29. Nf5 Rc8 (29... Kg8 30. Ne7+ Kh8 31. Nh6) (
29... gxf5 30. Qh6+ Kg8 31. Rxf5) 30. Qh6+ Kg8 31. Qg7+ Nxg7 32. Ngh6+ Kf8 33.
fxg7+) 25. Bxc5 Rxc5 26. Rxc5 dxc5 27. Qe3 Qd8 (27... Ra6 28. Qg5 Qd8 29. Nf5
Bxf6 (29... Nxf6 30. Nfh6+ Kf8 31. Nxe5) 30. Nfh6+ Kg7 31. Qxe5 Bxe5 32. Rxf7+
Kh8 33. Rf8+ Kg7 34. Rg8#) 28. Nf5 Bxf6 (28... Nxf6 29. Ngh6+ Kf8 30. Qxc5+)
29. Ngh6+ (29. Ngh6+ Kf8 30. Qxc5+ Be7 31. Nxe7) 1-0

[Event "FRA-chT"]
[Site "FRA"]
[Date "1996.??.??"]
[Round "?"]
[White "Lautier, Joel"]
[Black "Solozhenkin, Evgeniy"]
[Result "1-0"]
[WhiteElo "2630"]
[BlackElo "2510"]
[Annotator "Lautier"]
[PlyCount "115"]
[EventDate "1996.??.??"]
[Source "ChessBase"]

1. c4 c5 2. Nf3 Nf6 3. Nc3 Nc6 4. d4 cxd4 5. Nxd4 g6 6. e4 d6 7. Nc2 Bg7 8. Be2
Nd7 9. O-O Nc5 10. f3 O-O 11. Bd2 (11. Be3 Bxc3 12. bxc3 Na4 13. Qd2 Qa5 14.
Nb4 Nxc3) 11... a5 12. Be3 f5 (12... Bxc3 13. bxc3) 13. exf5 Bxf5 14. Nd4 Nxd4
(14... a4 15. Qd2 Qa5 16. Rac1 Qb4) 15. Bxd4 Bh6 16. Re1 (16. f4 Bd7 17. g3 Bc6
18. Bf3) 16... Ne6 17. Bf2 Nf4 18. Bf1 Rf7 19. Qb3 (19. Be3 g5 20. Qd2 Bg7) (
19. c5 dxc5 20. Bxc5) 19... Bd3 (19... Qd7 20. Na4 (20. Rad1 a4 21. Qb4 Bc2)
20... Raf8) 20. Rad1 Bxf1 21. Kxf1 Qd7 (21... Qc8 22. c5) (21... Qc7 22. g3 (
22. c5 dxc5 23. Nb5 Qc6 24. Rxe7 c4) 22... Nh5 (22... Nh3 23. Nd5 Qd8 24. c5)
23. c5 (23. Nd5 Qd7 24. c5 Qh3+ 25. Kg1 e6 26. Nb6 Nf4) 23... Qd7 (23... dxc5
24. Nd5) 24. Kg1) 22. c5 a4 23. Qc4 Rc8 (23... Raf8) 24. Nd5 (24. Qxa4 Qf5 25.
cxd6 (25. Qe4 Qh5 26. h4) 25... Nxg2 (25... exd6 26. Re8+ Rxe8 27. Qxe8+ Rf8
28. Qe4 Qh5 29. h3) 26. dxe7 Qxf3 27. e8=Q+ Rxe8 28. Rxe8+ Bf8 29. Qd4 Nf4 (
29... Qh3 30. Kg1) 30. Qe4 Qh3+ 31. Kg1) 24... Nxd5 25. Qxd5 Qc6 26. Re6 (26.
cxd6 exd6 27. Qxd6 Qc4+ 28. Kg1 Qxa2) 26... Bg7 (26... Bf4) 27. Qc4 Kf8 28. b4
axb3 29. axb3 Be5 30. Qe2 Qa6 (30... Rf6 31. Rxf6+ exf6 32. cxd6 Bxd6) 31. Qxa6
bxa6 32. Ke2 Rf5 33. g4 Rf4 34. Bg3 Kf7 (34... Rb4 35. Bxe5 dxe5 36. Rxe5 Rxb3
37. Rd7) 35. Rxe5 dxe5 36. Bxf4 exf4 37. b4 Rb8 38. Rd4 e5 39. Rc4 Ke6 40. Kd3
Kd5 41. c6 Rc8 42. c7 g5 43. Rc5+ Kd6 44. Ke4 (44. Ra5 Rxc7 45. Rxa6+ Kd5 46.
Ra5+ Ke6 (46... Kd6 47. Ke4 Rc4+ 48. Kf5)) 44... Rxc7 45. Rxc7 Kxc7 46. Kxe5
Kc6 47. Kf5 h6 (47... Kb5 48. Kxg5 Kxb4 49. Kh6 a5 50. Kxh7 a4 51. g5 a3 52. g6
a2 53. g7 a1=Q 54. g8=Q Qf6) 48. Kg6 Kd5 (48... Kb5 49. Kxh6 Kxb4 50. Kxg5 a5
51. Kh5 (51. Kxf4 a4 52. g5 a3 53. g6 a2 54. g7 a1=Q 55. g8=Q Qc1+ 56. Kf5 Qc2+
) 51... a4 52. g5 a3 53. g6 a2 54. g7 a1=Q 55. g8=Q) 49. Kxh6 Kd4 50. Kxg5 Ke3
51. h4 Kxf3 52. h5 Ke4 53. h6 f3 54. h7 f2 55. h8=Q f1=Q 56. Qf6 Qc1+ 57. Kg6
Qc4 (57... Qd1 58. g5) 58. Qf5+ (58. Qf5+ Ke3 59. Qc5+ Kd3 60. Qxc4+ Kxc4 61.
g5 Kxb4 62. Kf5) 1-0

[Event "FRA-chT"]
[Site "FRA"]
[Date "1996.??.??"]
[Round "?"]
[White "Lautier, Joel"]
[Black "Vaisser, Anatoli"]
[Result "1-0"]
[WhiteElo "2630"]
[BlackElo "2565"]
[Annotator "Lautier"]
[PlyCount "139"]
[EventDate "1996.??.??"]
[Source "ChessBase"]

1. e4 e6 2. d4 d5 3. Nc3 Bb4 4. e5 Ne7 5. a3 Bxc3+ 6. bxc3 c5 7. Qg4 Qc7 8. Bd3
c4 9. Be2 Nf5 10. Nf3 Nc6 11. Qh5 h6 12. g4 (12. Ng5 Rf8 13. Nh3 Bd7 14. g4 g6)
12... Nfe7 13. Ng5 Ng6 (13... g6 14. Qh3 Nxe5 15. dxe5 Qxe5 16. Qg3) (13... Rf8
14. Nh3 Qa5 15. Bd2 Bd7 16. f4 O-O-O) 14. Nh3 Qa5 15. Bd2 Bd7 16. f4 Nge7 17.
Ng5 Rf8 18. Nf3 O-O-O 19. O-O Qa4 (19... Rh8) 20. Ra2 Rh8 21. Qh3 (21. Qxf7 h5)
21... f5 22. Nh4 Qa5 23. Bc1 Rdg8 24. gxf5 exf5 25. Ng2 g5 26. a4 Ng6 27. Bh5
Nd8 28. Kh1 Ne6 29. Ra1 Qd8 30. a5 Rg7 (30... a6) 31. a6 b6 32. Qf3 Nc7 33. Ba3
g4 34. Qg3 Ne7 35. Ne3 Be6 36. Qg2 (36. h3) 36... Rhg8 37. Bd6 Qd7 38. Rfb1 Qc6
39. Rb4 Kd7 40. Rbb1 Nb5 41. Bb4 Ng6 42. Qg3 Qc8 43. Rf1 Kc7 44. h3 gxh3 45.
Rg1 Qe8 (45... Nxe5 46. Qxg7+ Rxg7 47. Rxg7+ Nd7 48. Bf3) 46. Raf1 (46. Qxh3
Nxf4 47. Rxg7+ Rxg7 48. Bxe8 Nxh3 49. Bxb5 f4) 46... Kc8 47. Qxh3 Qd7 48. Rg2
Nc7 (48... Ne7 49. Rfg1 Rxg2 50. Rxg2 Rxg2 51. Qxg2 Nc6 52. Bf3 Nxb4 53. cxb4
Nc7 (53... Nxd4 54. Bxd5) 54. c3) 49. Qh2 Nxa6 50. Rfg1 Nxb4 51. cxb4 Nf8 52.
Bf3 Ng6 53. c3 Qf7 (53... Kb8 54. Rg3) 54. Bh5 Qe8 55. Rg3 Kd8 56. R1g2 Qa4 57.
Bxg6 Qa1+ 58. Rg1 Qxc3 59. Nxf5 Qxg3 60. Nxg3 Rxg6 61. f5 (61. Qf2) 61... Bxf5
62. Nxf5 Rxg1+ 63. Qxg1 Rxg1+ 64. Kxg1 a5 65. bxa5 bxa5 66. Ne3 c3 67. Kf2 a4
68. Nc2 Ke7 69. Ke3 Kf7 70. Kd3 1-0

[Event "FRA-chT"]
[Site "FRA"]
[Date "1996.??.??"]
[Round "?"]
[White "Lebel Arias, Julia"]
[Black "Bonvalot, Isabelle"]
[Result "1-0"]
[WhiteElo "2090"]
[BlackElo "2080"]
[PlyCount "127"]
[EventDate "1996.??.??"]
[Source "ChessBase"]

1. Nf3 g6 2. g3 Bg7 3. Bg2 f5 4. c4 Nf6 5. Nc3 O-O 6. d3 c6 7. O-O d6 8. Rb1 a5
9. a3 h6 10. b4 axb4 11. axb4 g5 12. Qb3 Kh8 13. b5 Ng4 14. Bb2 Nd7 15. Na4 e5
16. Bc3 Qe8 17. h3 Ngf6 18. Nd2 Qh5 19. e3 c5 20. Bb2 f4 21. g4 Qe8 22. exf4
gxf4 23. Nc3 Qg6 24. Nce4 Nxe4 25. Bxe4 Qf6 26. f3 Qh4 27. Rf2 Nf6 28. Rh2 Rg8
29. Kh1 Nh7 30. Bxh7 Kxh7 31. Ne4 Bf8 32. Rg1 Be7 33. Bc3 Bf8 34. Be1 Qd8 35.
h4 Be7 36. Qc2 Be6 37. d4 Kh8 38. d5 Bf7 39. h5 Ra3 40. Bc3 Qa8 41. Qb2 Qa4 42.
Bxe5+ dxe5 43. Qxe5+ Rg7 44. Qxe7 Rxf3 45. Qf8+ Bg8 46. Qf6 Qxc4 47. Qxh6+ Bh7
48. Nf6 Re3 49. Ra1 Ra3 50. Rd1 Rf3 51. Rg2 Rf1+ 52. Rxf1 Qxf1+ 53. Kh2 Qe1 54.
Qxf4 Qh4+ 55. Kg1 Re7 56. Rf2 Qh3 57. Ne4 Rg7 58. Rg2 Qd3 59. Nf6 Qxb5 60. Nxh7
Qb1+ 61. Kh2 Kxh7 62. g5 Qd1 63. g6+ Kh8 64. Qf8+ 1-0

[Event "FRA-chT"]
[Site "FRA"]
[Date "1996.??.??"]
[Round "?"]
[White "Lebel Arias, Julia"]
[Black "Flear, Christine"]
[Result "1/2-1/2"]
[WhiteElo "2090"]
[BlackElo "2220"]
[PlyCount "98"]
[EventDate "1996.??.??"]
[Source "ChessBase"]

1. c4 e5 2. Nc3 Nc6 3. g3 g6 4. Bg2 Bg7 5. b3 f5 6. e3 Nf6 7. Ba3 d6 8. Nge2
O-O 9. O-O g5 10. d4 e4 11. f3 exf3 12. Bxf3 Kh8 13. Qd2 Qe7 14. Rae1 Bd7 15.
c5 a6 16. cxd6 cxd6 17. Nd5 Nxd5 18. Bxd5 Rae8 19. Nc3 b5 20. Bg2 b4 21. Nd5
Qd8 22. Bxb4 Nxb4 23. Qxb4 Bb5 24. Rf2 Re6 25. Rc2 Bd3 26. Rc7 Qe8 27. Rec1
Rxe3 28. Nxe3 Qxe3+ 29. Kh1 Be4 30. Re1 Bxg2+ 31. Kxg2 Qd3 32. Ree7 f4 33. gxf4
Rxf4 34. Re8+ Bf8 35. Rxf8+ Rxf8 36. Qe1 Qf3+ 37. Kg1 Qg4+ 38. Kh1 Qxd4 39. Rc4
Qd5+ 40. Kg1 Qf5 41. Qc3+ Kg8 42. Qe1 g4 43. Qe2 h5 44. Rc6 a5 45. Qc4+ d5 46.
Qe2 Rf7 47. Rc5 h4 48. Qe1 h3 49. Rxa5 Qf3 1/2-1/2

[Event "FRA-chT"]
[Site "FRA"]
[Date "1996.??.??"]
[Round "?"]
[White "Lecuyer, Christian"]
[Black "Chabanon, Jean Luc"]
[Result "0-1"]
[WhiteElo "2230"]
[BlackElo "2435"]
[PlyCount "76"]
[EventDate "1996.??.??"]
[Source "ChessBase"]

1. c4 Nf6 2. Nc3 e6 3. Nf3 Bb4 4. Qc2 O-O 5. g3 b6 6. Bg2 Bb7 7. O-O d5 8. a3
Be7 9. cxd5 Nxd5 10. d4 Nd7 11. Nxd5 exd5 12. Bf4 c6 13. Rad1 Re8 14. e4 dxe4
15. Ne5 Nf6 16. Nxc6 Bxc6 17. Qxc6 Rc8 18. Qa4 Nd5 19. Be5 f5 20. g4 Bf6 21.
Qb3 Kh8 22. gxf5 Bxe5 23. dxe5 Rxe5 24. Rfe1 Qg8 25. Rxe4 Rxf5 26. Red4 Nf6 27.
Qd3 Re5 28. f4 Ree8 29. b4 Qa2 30. Bd5 Qb2 31. Bf7 Rf8 32. Be6 Rc2 33. Rd2 Qc1+
34. Rd1 Qb2 35. Rd2 Rxd2 36. Qxd2 Qb1+ 37. Qd1 Qg6+ 38. Kh1 Ne4 0-1

[Event "FRA-chT"]
[Site "FRA"]
[Date "1996.??.??"]
[Round "?"]
[White "Lecuyer, Christian"]
[Black "Monnard, Laurent"]
[Result "1-0"]
[WhiteElo "2230"]
[BlackElo "2230"]
[PlyCount "79"]
[EventDate "1996.??.??"]
[Source "ChessBase"]

1. c4 e6 2. Nf3 Nf6 3. g3 d5 4. Bg2 Be7 5. O-O O-O 6. b3 c5 7. Bb2 Nc6 8. e3
Rb8 9. Qe2 Re8 10. Rd1 Bd6 11. d4 cxd4 12. exd4 b6 13. Ne5 Bb7 14. Nc3 Na5 15.
Nb5 a6 16. Nxd6 Qxd6 17. c5 Qc7 18. b4 Nc6 19. a3 b5 20. a4 Na7 21. Rdc1 Rbd8
22. axb5 Nxb5 23. c6 Bc8 24. Rc5 Qb6 25. Kf1 Nc7 26. f3 Qxb4 27. Bc3 Qb8 28.
Ba5 Re7 29. Qc2 Nfe8 30. Rb1 Qa7 31. Bb6 Qa8 32. Ra5 f6 33. Bc5 Nd6 34. Bxd6
Rxd6 35. Qc5 Ne8 36. Rb6 fxe5 37. dxe5 Rxc6 38. Rxc6 Bb7 39. Qxe7 Bxc6 40.
Qxe6+ 1-0

[Event "FRA-chT"]
[Site "FRA"]
[Date "1996.??.??"]
[Round "?"]
[White "Lecuyer, Christian"]
[Black "Renet, Olivier"]
[Result "0-1"]
[WhiteElo "2230"]
[BlackElo "2505"]
[PlyCount "60"]
[EventDate "1996.??.??"]
[Source "ChessBase"]

1. c4 g6 2. Nc3 Bg7 3. g3 d6 4. Bg2 e5 5. d3 f5 6. e4 Nf6 7. Nge2 O-O 8. O-O c6
9. b3 Na6 10. Ba3 Re8 11. b4 fxe4 12. Nxe4 Nxe4 13. dxe4 Be6 14. Qc2 Qc7 15.
Rad1 Rad8 16. Nc1 c5 17. b5 Nb4 18. Qc3 a6 19. bxa6 Nxa6 20. Nb3 Nb8 21. Bc1
Nc6 22. Bg5 Ra8 23. Rd2 Ra4 24. Rfd1 Rxc4 25. Qd3 Nd4 26. Be3 b5 27. f4 b4 28.
Bxd4 exd4 29. f5 Rc3 30. Qe2 Bxf5 0-1

[Event "FRA-chT"]
[Site "FRA"]
[Date "1996.??.??"]
[Round "?"]
[White "Legky, Nikolay A"]
[Black "Bronstein, David I"]
[Result "1-0"]
[WhiteElo "2540"]
[BlackElo "2440"]
[PlyCount "71"]
[EventDate "1996.??.??"]
[Source "ChessBase"]

1. d4 d5 2. c4 e6 3. Nc3 c5 4. cxd5 cxd4 5. Qxd4 Nc6 6. Qd1 exd5 7. Qxd5 Be6 8.
Qxd8+ Rxd8 9. e3 Nb4 10. Bb5+ Ke7 11. Kf1 a6 12. Be2 g5 13. Nf3 Nc2 14. Rb1 h6
15. Ne1 Nb4 16. a3 Nc6 17. f3 Bg7 18. Kf2 f5 19. Nd3 Kd6 20. Bd2 Bb3 21. Rhc1
Nf6 22. Nd1 Nd7 23. Bc3 Rhg8 24. Bxg7 Rxg7 25. Rc3 Bd5 26. b4 b6 27. N1b2 Nf6
28. Rd1 Ke6 29. Ne1 Nb8 30. Nc2 Kf7 31. Nd4 f4 32. e4 Bxe4 33. Rc7+ Rd7 34.
Rxd7+ Nbxd7 35. fxe4 Nxe4+ 36. Kf1 1-0

[Event "FRA-chT"]
[Site "FRA"]
[Date "1996.??.??"]
[Round "?"]
[White "Legky, Nikolay A"]
[Black "Lautier, Joel"]
[Result "0-1"]
[WhiteElo "2510"]
[BlackElo "2630"]
[Annotator "Lautier"]
[PlyCount "98"]
[EventDate "1996.??.??"]
[Source "ChessBase"]

1. d4 d5 2. c4 dxc4 3. e3 e5 4. Bxc4 exd4 5. exd4 Bd6 6. Nf3 Nf6 7. O-O O-O 8.
Nc3 Nc6 9. h3 h6 10. a3 Bf5 11. Re1 a6 12. Ne5 (12. d5 Ne7) (12. b4 Qd7 13. d5
(13. Qb3 Rae8) 13... Ne7 14. Ne5 Bxe5 15. Rxe5 Ng6 16. Re1 Rfe8) 12... Bxe5 13.
dxe5 Qxd1 14. Nxd1 Nd7 15. e6 (15. f4 Nb6 16. Ba2 Nd4 17. Ne3 Be6) (15. Bf4
Rfe8 16. e6 (16. Ne3 Ndxe5 17. Nxf5 Nxc4 18. Bxc7 Nxb2) 16... Bxe6 17. Bxe6
fxe6 18. Bxc7 Nc5 19. b4) 15... fxe6 (15... Bxe6 16. Rxe6 fxe6 17. Bxe6+ Rf7
18. Bf4) 16. Bf4 (16. g4 Nde5 17. gxf5 Nxc4 18. fxe6 Nd4 19. e7 Rfe8 20. Re4
Nb3) (16. Rxe6 Kh8 (16... Na5 17. Ba2 Kh8 18. Re3) 17. Re1 (17. Re3 Nd4) 17...
Na5 (17... Nd4 18. Ne3) 18. Ne3 (18. Ba2 Nc5 19. Re3 Bc2 20. Rc3 Ncb3) 18...
Rae8 19. Bd2) 16... Nb6 (16... Nd4 17. Ne3 Bxh3 18. Bg3) 17. Ba2 Nd5 18. Bxd5
exd5 19. Ne3 (19. Bxc7 d4) 19... d4 20. Nxf5 (20. Nd5 Rad8 (20... Bxh3 21. gxh3
Rad8 (21... Rf5 22. Nxc7) 22. Nxc7 Rxf4 23. Ne6) (20... Rac8 21. Bxc7 (21. Nxc7
Bxh3 22. Bd6 Rf6) 21... Rf7 22. Bg3 Rd8) 21. Nxc7 d3) 20... Rxf5 21. Bxc7 Rc8 (
21... a5 22. a4 Rc8 23. Bb6) 22. Bg3 a5 (22... Kf7 23. b4) 23. Rac1 Kf7 (23...
Rb5 24. Re2 Kf7) 24. Kf1 (24. a4) 24... Rb5 25. Re2 Rd8 26. Rd2 Rdd5 27. Ke2 (
27. f3) 27... Rb3 28. a4 Rb4 29. Ra1 Ke6 30. Kd3 Rc5 31. Ra3 Rc1 32. f4 Kd5 33.
f5 Rb1 34. Ra2 Rc4 35. Ke2 Ke4 (35... Nb4 36. Ra3 d3+ 37. Kf3 Rc2) 36. Ra3 Nb4
37. Rf3 d3+ 38. Kf2 Rc2 39. Rf4+ Kd5 40. Ke3 Rbxb2 41. Rd4+ Kc6 42. Rd1 Rc3 43.
Rg4 Nd5+ 44. Kf3 d2+ 45. Ke2 (45. Kf2 Ne3) 45... Re3+ 46. Kf2 Nc3 47. Rc4+ (47.
Rxd2 Nd1+) 47... Kd5 48. Rxd2+ Rxd2+ 49. Kxe3 Kxc4 (49... Kxc4 50. Kxd2 Ne4+)
0-1

[Event "FRA-chT"]
[Site "FRA"]
[Date "1996.??.??"]
[Round "?"]
[White "Legky, Nikolay A"]
[Black "Piankov, Evgenij"]
[Result "1-0"]
[WhiteElo "2540"]
[BlackElo "2415"]
[PlyCount "91"]
[EventDate "1996.??.??"]
[Source "ChessBase"]

1. d4 Nf6 2. c4 g6 3. Nc3 d5 4. Nf3 Bg7 5. Qb3 dxc4 6. Qxc4 O-O 7. e4 c6 8. Be2
b5 9. Qb3 a5 10. Qc2 Nfd7 11. Bg5 Nb6 12. Rd1 b4 13. Nb1 Be6 14. b3 Qd6 15. O-O
Rc8 16. Nbd2 c5 17. d5 Bd7 18. h3 e5 19. dxe6 Bxe6 20. Nc4 Qc7 21. Bf4 Qxf4 22.
Nxb6 Nc6 23. Nxa8 Nd4 24. Nxd4 cxd4 25. Qd2 Qb8 26. Rc1 Rc3 27. Rxc3 bxc3 28.
Qc2 Qxa8 29. Bc4 Qc6 30. Bxe6 Qxe6 31. f4 Bf8 32. Qd3 Qc6 33. Rf2 Ba3 34. e5
Qc5 35. Rc2 Kg7 36. Kf1 Qb6 37. Ke2 Qc6 38. Kd1 Qb6 39. Re2 Be7 40. Re4 Bc5 41.
Qc4 f5 42. exf6+ Kxf6 43. Re5 Bb4 44. Rb5 c2+ 45. Kxc2 d3+ 46. Kxd3 1-0

[Event "FRA-chT"]
[Site "FRA"]
[Date "1996.??.??"]
[Round "?"]
[White "Legky, Nikolay A"]
[Black "Rotstein, Arkadij"]
[Result "1/2-1/2"]
[WhiteElo "2540"]
[BlackElo "2475"]
[PlyCount "87"]
[EventDate "1996.??.??"]
[Source "ChessBase"]

1. d4 Nf6 2. Nf3 d5 3. c4 e6 4. Nc3 Bb4 5. cxd5 exd5 6. Bg5 h6 7. Bxf6 Qxf6 8.
Qa4+ Nc6 9. e3 O-O 10. Be2 Be6 11. a3 Bd6 12. Nb5 Bg4 13. Rc1 Ne7 14. Nxd6 Qxd6
15. Qb4 Qxb4+ 16. axb4 Bxf3 17. Bxf3 c6 18. b5 Rfc8 19. bxc6 Rxc6 20. Kd2 Rac8
21. Rxc6 Rxc6 22. Ra1 a6 23. Ra3 Rb6 24. Kc2 Rd6 25. Rc3 Rd7 26. Kb3 Kf8 27.
Kb4 Ke8 28. Kc5 Kd8 29. Kb6 f5 30. g4 g6 31. gxf5 gxf5 32. Bg2 Nc8+ 33. Kc5 Ne7
34. Bh3 Kc7 35. Kb4+ Kd6 36. Ka5 Rc7 37. Bf1 Rc6 38. Bd3 Kc7 39. Kb4 Kd6 40.
Bc2 Rb6+ 41. Ka3 Rc6 42. Rxc6+ Kxc6 43. Kb4 b5 44. Kc3 1/2-1/2

[Event "FRA-chT"]
[Site "FRA"]
[Date "1996.??.??"]
[Round "?"]
[White "Legky, Nikolay A"]
[Black "Szabolcsi, Janos"]
[Result "1-0"]
[WhiteElo "2540"]
[BlackElo "2425"]
[PlyCount "99"]
[EventDate "1996.??.??"]
[Source "ChessBase"]

1. d4 d5 2. c4 c6 3. Nf3 Nf6 4. Nc3 e6 5. e3 Nbd7 6. Bd3 dxc4 7. Bxc4 b5 8. Bd3
a6 9. e4 c5 10. d5 e5 11. O-O c4 12. Bc2 Bd6 13. b3 Qa5 14. Bd2 b4 15. Ne2 c3
16. Bg5 h6 17. Bh4 g5 18. Bg3 Qc7 19. a3 bxa3 20. Re1 Kf8 21. h3 Nh5 22. Qd3
Bb7 23. Rec1 Rc8 24. Bd1 Bb4 25. Nfd4 Nxg3 26. Nxg3 Nc5 27. Qe3 Rh7 28. Nc2 a5
29. Nxa3 Ba6 30. Bc2 Nb7 31. Bd3 Bxd3 32. Qxd3 Nd6 33. Nb5 Nxb5 34. Qxb5 f6 35.
Rc2 Qb7 36. Qd3 Qb6 37. Nf5 Rb8 38. Rd1 Qb5 39. Qf3 a4 40. bxa4 Qxa4 41. Ne3
Rf7 42. Qh5 Kg8 43. Qg6+ Rg7 44. Qxf6 Bc5 45. Nf5 Rgb7 46. Qe6+ Kf8 47. Qxh6+
Kg8 48. Qxg5+ Kf8 49. Qf6+ Kg8 50. Rd3 1-0

[Event "FRA-chT"]
[Site "FRA"]
[Date "1996.??.??"]
[Round "?"]
[White "Legky, Nikolay A"]
[Black "Velikov, Petar"]
[Result "1-0"]
[WhiteElo "2540"]
[BlackElo "2475"]
[PlyCount "115"]
[EventDate "1996.??.??"]
[Source "ChessBase"]

1. d4 d5 2. c4 c6 3. Nf3 Nf6 4. Nc3 a6 5. a4 e6 6. Bg5 Nbd7 7. e3 h6 8. Bh4 Be7
9. Bd3 O-O 10. O-O c5 11. Qe2 cxd4 12. exd4 dxc4 13. Bxc4 Nb6 14. Bb3 Bd7 15.
Ne5 Nbd5 16. Bxd5 exd5 17. Bxf6 Bxf6 18. Nxd5 Re8 19. Rfd1 Qa5 20. Qe4 Bxe5 21.
dxe5 Bc6 22. b4 Bxd5 23. Rxd5 Qc7 24. Rad1 Rac8 25. h4 Qc6 26. Qf5 Qxa4 27. Rd7
Qb3 28. R1d5 Rf8 29. e6 Qxb4 30. exf7+ Kh8 31. Rd4 Qb2 32. Kh2 b5 33. R7d6 Qc1
34. f4 Qc7 35. Rd7 Qc3 36. R4d6 b4 37. Qh5 Kh7 38. Rxh6+ gxh6 39. Rd6 Qg7 40.
Qf5+ Kh8 41. Rg6 Qxf7 42. Rxh6+ Kg8 43. Rg6+ Qxg6 44. Qxg6+ Kh8 45. Qh6+ Kg8
46. Qe6+ Kh8 47. Qe5+ Kg8 48. Qd5+ Rf7 49. h5 Rb8 50. g4 b3 51. g5 Rb5 52. Qa8+
Kg7 53. Qxa6 Rfb7 54. Qf6+ Kg8 55. Qd8+ Kg7 56. h6+ Kg6 57. Qd3+ Rf5 58. Qa6+
1-0

[Event "FRA-chT"]
[Site "FRA"]
[Date "1996.??.??"]
[Round "?"]
[White "Leroy, Didier"]
[Black "Bolding, Klaus"]
[Result "1-0"]
[WhiteElo "2200"]
[BlackElo "2305"]
[PlyCount "110"]
[EventDate "1996.??.??"]
[Source "ChessBase"]

1. d4 g6 2. c4 Bg7 3. Nc3 d6 4. e4 Nd7 5. Nf3 e5 6. Be2 Ne7 7. O-O O-O 8. Rb1
h6 9. Be3 f5 10. dxe5 f4 11. exd6 fxe3 12. dxe7 exf2+ 13. Rxf2 Qxe7 14. Nd5 Qd8
15. Rf1 c6 16. Nc3 Qe7 17. Qc2 Nf6 18. Nh4 Qc5+ 19. Kh1 Qg5 20. Nf3 Qe3 21.
Rbe1 Ng4 22. Nd1 Qc5 23. h3 Nf6 24. Nd2 Nh5 25. Rxf8+ Bxf8 26. Bxh5 Qxh5 27. c5
Be6 28. b4 Rd8 29. Nf2 Qg5 30. Nf3 Qg3 31. Qe2 Bg7 32. e5 Rf8 33. Ne4 Qf4 34.
a3 Bd5 35. Ned2 Re8 36. Qe3 Qf5 37. Kg1 Kh7 38. Re2 Qc2 39. Re1 Qb2 40. Kh1 Qa2
41. Qc3 Bf7 42. Re3 Rd8 43. Qc1 Bd5 44. Kh2 Rf8 45. Qe1 Be6 46. Qh4 Bd5 47. Ne4
Rxf3 48. Ng5+ Kg8 49. Nxf3 Bxf3 50. Rxf3 Bxe5+ 51. Kg1 Qa1+ 52. Kf2 Bd4+ 53.
Ke2 g5 54. Qg4 Qa2+ 55. Kd3 Qc4+ 1-0

[Event "FRA-chT"]
[Site "FRA"]
[Date "1996.??.??"]
[Round "?"]
[White "Leroy, Didier"]
[Black "Nemety, Laslo"]
[Result "0-1"]
[WhiteElo "2200"]
[BlackElo "2170"]
[PlyCount "144"]
[EventDate "1996.??.??"]
[Source "ChessBase"]

1. d4 e6 2. c4 Ne7 3. Nc3 d5 4. Bg5 h6 5. Bh4 g5 6. Bg3 Nf5 7. e4 dxe4 8. Be5
f6 9. Qh5+ Ke7 10. Bg3 Nxg3 11. hxg3 Qxd4 12. Nge2 Qe5 13. O-O-O Bd7 14. f3 Be8
15. Qh2 f5 16. f4 Qf6 17. g4 Bg6 18. gxf5 Qxf5 19. g4 Qa5 20. f5 Bg7 21. fxg6
Nc6 22. Nxe4 Rad8 23. Bh3 Ne5 24. Qf2 b6 25. N2c3 Nxg6 26. Rxd8 Rxd8 27. Rd1
Rxd1+ 28. Kxd1 Qb4 29. Bf1 Qa5 30. Kc2 Qe5 31. Nd2 Nf4 32. Nf3 Qa5 33. Qe3 Qb4
34. a3 Qd6 35. Qd2 Qc6 36. Nd4 Qh1 37. Be2 Qg2 38. Ndb5 a6 39. Nxc7 Bxc3 40.
Kxc3 Nxe2+ 41. Kb4 Qxg4 42. Qe3 Nd4 43. Kc3 Ne2+ 44. Kb4 b5 45. Nd5+ Kf7 46.
Qf2+ Nf4 47. Ne3 Qe2 48. Qxe2 Nxe2 49. cxb5 axb5 50. Kxb5 Nd4+ 51. Kc5 Nf5 52.
Nf1 g4 53. a4 h5 54. a5 h4 55. a6 g3 56. Nd2 h3 57. a7 g2 58. a8=Q g1=Q+ 59.
Kb4 Qb6+ 60. Kc3 Qd4+ 61. Kc2 Ne3+ 62. Kc1 Qc5+ 63. Kb1 Qc2+ 64. Ka2 Qxd2 65.
Qf3+ Ke7 66. Qxh3 Qa5+ 67. Kb3 Qd5+ 68. Ka3 Nc2+ 69. Ka4 Qa2+ 70. Kb5 Qxb2+ 71.
Kc6 Nb4+ 72. Kc7 Qc3+ 0-1